[Event "Mislata op8th"]
[Site "Valencia"]
[Date "1999.??.??"]
[Round "9"]
[White "Jorge Bort, Emilio"]
[Black "Sanchez Garcia, Manuel"]
[Result "1-0"]
[WhiteElo "2233"]
[BlackElo "2065"]

1.e4 c5 2.Nc3 Nc6 3.Nf3 e6 4.d4 cxd4 5.Nxd4 a6 6.Nxc6 bxc6 7.Bd3 d5 8.O-O Bc5
9.Kh1 Ne7 10.f4 g6 11.b3 f5 12.exf5 gxf5 13.Bb2 Bd4 14.Bxa6 Bg7 15.Bxc8 Nxc8
16.Qh5+ Ke7 17.Nxd5+ cxd5 18.Bxg7 Re8 19.Qxh7 Kd6 20.c4 Nb6 21.Rac1 Nd7 22.cxd5 exd5
23.Qxf5 Re2 24.Be5+ Nxe5 25.fxe5+ Rxe5 26.Qg6+ Re6 27.Qg3+ Re5 28.Rfe1 Qg5
29.Rxe5 Qxg3 30.Rxd5+ Kxd5 31.hxg3 Rxa2 32.Rb1 Ra5 33.b4 Rb5 34.Kh2 Ke4 35.Rb3 Rh5+
36.Kg1 Kd4 37.b5  1-0

[Event "Mislata op8th"]
[Site "Valencia"]
[Date "1999.??.??"]
[Round "9"]
[White "Delgado Crespo, Mairelys"]
[Black "Cramling, Pia"]
[Result "1/2-1/2"]
[WhiteElo "2295"]
[BlackElo "2504"]

1.e4 c5 2.Nf3 e6 3.d4 cxd4 4.Nxd4 Nc6 5.Nc3 Qc7 6.Be3 a6 7.Be2 b5 8.O-O Bb7
9.Nxc6 Bxc6 10.a3 Nf6 11.Qd4 d6 12.f3 Qb7 13.Rad1 Be7 14.Qb6 Qxb6 15.Bxb6 O-O
16.Bd4 Nd7 17.Kf2 Rfc8 18.g3 Rab8 19.Rd2 Ne5 20.b3 Be8 21.Nd1 g6 22.Ne3 f5
23.exf5 gxf5 24.f4 Nc6 25.Bb2 d5 26.Bd3 Bc5 27.Re1 Ne7 28.Kf1 d4 29.Nd1 Bf7
30.Rde2 Rc6 31.Nf2 Nd5 32.Bc1 Ne3+ 33.Kg1 Bh5 34.g4 Bxg4 35.Nxg4 fxg4 36.Bxe3 dxe3
37.Rg2 h5 38.h3 Bxa3 39.hxg4 hxg4 40.Rxg4+ Kf7 41.Kg2 Rg8  1/2-1/2

[Event "LTU-ch"]
[Site "Vilnius"]
[Date "1999.??.??"]
[Round "?"]
[White "Zapolskis, Antanas"]
[Black "Grabliauskas, Virginijus"]
[Result "1/2-1/2"]
[WhiteElo "2358"]
[BlackElo "2445"]

1.e4 c5 2.Nf3 e6 3.d4 cxd4 4.Nxd4 Nc6 5.Nc3 Qc7 6.g3 a6 7.Bg2 Nf6 8.Nb3 b5
9.O-O Rb8 10.Re1 d6 11.Nd4 Nxd4 12.Qxd4 b4 13.Nd1 e5 14.Qd3 Be7  1/2-1/2

[Event "JUG-chT"]
[Site "Vrnjacka Banja"]
[Date "1999.??.??"]
[Round "1"]
[White "Zontakh, Andrey"]
[Black "Tosic, Miroslav"]
[Result "1/2-1/2"]
[WhiteElo "2535"]
[BlackElo "2502"]

1.e4 c5 2.Nf3 e6 3.d4 cxd4 4.Nxd4 Nc6 5.Nc3 d6 6.Be3 Nf6 7.Be2 Be7 8.O-O O-O
9.Kh1 Bd7 10.Nb3 a6 11.f4 b5 12.a3 Qc7 13.Bf3 Rab8 14.Qe1 a5 15.Qf2 a4 16.Nd4 Nxd4
17.Bxd4 b4 18.axb4 Rxb4 19.e5 Ne8 20.Ne4 d5 21.Ng3 g6 22.c3 Rb8 23.Qd2 Ng7
24.Rfb1 Rfc8  1/2-1/2

[Event "JUG-chT"]
[Site "Vrnjacka Banja"]
[Date "1999.??.??"]
[Round "6"]
[White "Petronic, Jovan"]
[Black "Bakic, Rados"]
[Result "0-1"]
[WhiteElo "2421"]
[BlackElo "2414"]

1.e4 c5 2.Nf3 Nc6 3.Nc3 e6 4.d4 cxd4 5.Nxd4 Nf6 6.Nxc6 bxc6 7.Bd3 d5 8.O-O Be7
9.Qe2 O-O 10.b3 c5 11.Bb2 d4 12.Nb1 e5 13.Nd2 Be6 14.Nc4 Nd7 15.Bc1 Bg5 16.Qh5 Bxc1
17.Raxc1 f6 18.f4 g6 19.Qh6 exf4 20.Qxf4 Qb8 21.Qh4 Qc7 22.c3 dxc3 23.Rxc3 Kg7
24.Be2 Rae8 25.Rd1 Re7 26.Nd6 Qa5 27.Rc2 Ne5 28.Qf2 Rd7 29.Bb5 Qxb5 30.Rdd2 Qa6  0-1

[Event "JUG-chT"]
[Site "Vrnjacka Banja"]
[Date "1999.??.??"]
[Round "6"]
[White "Zontakh, Andrey"]
[Black "Atalik, Suat"]
[Result "1/2-1/2"]
[WhiteElo "2535"]
[BlackElo "2598"]

1.e4 c5 2.Nf3 e6 3.d4 cxd4 4.Nxd4 Nc6 5.Nc3 d6 6.Be2 Nf6 7.Be3 Be7 8.O-O Bd7
9.f4 Nxd4 10.Bxd4 Bc6 11.Bd3 O-O 12.Qe1 Nd7 13.Qg3 e5 14.fxe5 Nxe5 15.Nd5 Bh4
16.Qh3 Bxd5 17.exd5 g6 18.c4 f5 19.Kh1 Bf6 20.Be2 b6 21.Rab1 Rc8 22.b3 Rc7
23.a4 Re7 24.Bg1 Nd7 25.Bd3 Nc5 26.Bc2 a5 27.g4 fxg4 28.Qxg4 Be5 29.Qh3 Ref7
30.Rxf7 Rxf7 31.Rf1 Rxf1 32.Qxf1 Qh4 33.Qf2 Qg5 34.Qe3 Qh4 35.h3 Qf6 36.Bf2 Bf4
37.Qe2 Qa1+ 38.Kg2 Be5 39.Bd1 Qc3 40.Qc2 Qa1 41.Qe2 Qc3 42.Qc2 Kg7 43.Qxc3 Bxc3
44.Bxc5 bxc5 45.Bg4 Kf6 46.Bd7 Ke5 47.Kf3 Bb4  1/2-1/2

[Event "JUG-chT (Women)"]
[Site "Vrnjacka Banja"]
[Date "1999.??.??"]
[Round "7"]
[White "Peptan, Corina"]
[Black "Velcheva, Maria"]
[Result "1-0"]
[WhiteElo "2419"]
[BlackElo "2305"]

1.e4 c5 2.Nf3 e6 3.d4 cxd4 4.Nxd4 Nc6 5.Nc3 Qc7 6.Be3 a6 7.Bd3 Nf6 8.O-O Ne5
9.h3 Bc5 10.Kh1 d6 11.f4 Ng6 12.f5 Ne5 13.Qe1 Nxd3 14.cxd3 e5 15.Nc2 Bxe3
16.Nxe3 Bd7 17.Ncd5 Qd8 18.Nxf6+ gxf6 19.Qh4 Bc6 20.Qh6 Qe7 21.Rac1 Kd7 22.Ng4 Raf8
23.Nxf6+ Kd8 24.Rc3 Kc8 25.Nd5 Qd8 26.Nb4 Kd7 27.Rfc1 Qb6 28.Rb3 Qa7 29.Qf6 Rhg8
30.Nxc6 bxc6 31.d4 exd4 32.e5 Qc7 33.exd6 Qd8 34.Rb7+ Kc8 35.Rc7+  1-0

[Event "Wisla Hugart op (Women)"]
[Site "Warsaw"]
[Date "1999.??.??"]
[Round "?"]
[White "Erneste, Inguna"]
[Black "Stepovaia Dianchenko, Tatiana"]
[Result "1-0"]
[WhiteElo "2307"]
[BlackElo "2444"]

1.e4 c5 2.Nf3 Nc6 3.d4 cxd4 4.Nxd4 e6 5.Nc3 Qc7 6.Be2 a6 7.a4 Nf6 8.O-O Bb4
9.Bg5 Ne5 10.Bxf6 gxf6 11.Qd2 Bxc3 12.bxc3 b6 13.f4 Nc6 14.Nxc6 Qxc6 15.Qd4 Qc5
16.Rab1 Qxd4+ 17.cxd4 Rb8 18.Rb3 Kd8 19.Rfb1 Kc7 20.Rc3+ Kd6 21.e5+ Ke7 22.Rcb3 fxe5
23.dxe5 b5 24.axb5 axb5 25.Rxb5 Rxb5 26.Bxb5 Kd8 27.Rb3 h6 28.Kf2 Rf8 29.Kf3 f6
30.exf6 Rxf6 31.Bd3 d6 32.Be4 Ke7 33.g3 Rf8 34.Rb8 Rd8 35.Ke3 Rg8 36.Ra8 Rd8
37.Ra7+ Rd7 38.Rxd7+ Bxd7 39.Bf3 Kf6 40.Be4 Be8 41.g4 Bd7 42.h3 Bc8 43.Bc6 Kg6
44.Ke4 Ba6 45.h4 Be2 46.Be8+ Kg7 47.g5 Bg4 48.c4 hxg5 49.fxg5 Kf8 50.Ba4 Be2
51.Kd4 e5+ 52.Kd5 Ke7 53.Bc2 Bg4 54.Bd3 Bf3+ 55.Be4 Bg4 56.c5 dxc5 57.Kxe5 c4
58.Kd4 Bh5 59.Kxc4 Ke6 60.Kd4 Be8 61.Bd3 Bh5 62.Ke4 Kf7 63.Kf4 Kg7 64.Be4 Be8
65.Bf3 Ba4 66.h5 Be8 67.Be2 Bf7 68.Kf5 Be8 69.g6 Kh6 70.Bf3 Ba4 71.Kf6 Bb3
72.Bg4 Bc2 73.Bf5 Bd1 74.g7 Bb3 75.Bg6  1-0

[Event "Wisla Hugart op (Women)"]
[Site "Warsaw"]
[Date "1999.??.??"]
[Round "?"]
[White "Jackova, Jana"]
[Black "Stepovaia Dianchenko, Tatiana"]
[Result "0-1"]
[WhiteElo "2202"]
[BlackElo "2444"]

1.e4 c5 2.Nf3 e6 3.Nc3 Nc6 4.d4 cxd4 5.Nxd4 Qc7 6.Be3 a6 7.Bd3 Nf6 8.O-O Nxd4
9.Bxd4 Bc5 10.Bxf6 gxf6 11.Qh5 Qe5 12.Qh3 b5 13.Kh1 Qg5 14.f4 Qg7 15.Rab1 Bb7
16.b4 Bb6 17.a4 f5 18.exf5 Qxc3 19.fxe6 O-O-O 20.exf7 Rhf8 21.axb5 axb5 22.Rb3 Qd2
23.Bxb5 Rxf7 24.Rd3 Qxb4 25.Rb3 Qd4 26.Rd3 Qe4 27.Rfd1 Rg7 28.Rg3 Rxg3 29.hxg3 Bc6
30.Bxc6 Qxc6 31.g4 Re8 32.g5 Re4 33.Qf3 Bc7 34.Ra1 Rxf4 35.Ra8+ Kb7  0-1

[Event "Hoogovens-C op"]
[Site "Wijk aan Zee"]
[Date "1999.??.??"]
[Round "5"]
[White "Danailov, Silvio"]
[Black "Hendriks, Willy"]
[Result "1/2-1/2"]
[WhiteElo "2450"]
[BlackElo "2385"]

1.e4 c5 2.Nf3 Nc6 3.d4 cxd4 4.Nxd4 e6 5.Nc3 Qc7 6.Be3 a6 7.Bd3 b5 8.Nxc6 Qxc6
9.O-O Bb7 10.f3 Bc5 11.Qd2 Nf6 12.a4 b4 13.Ne2 O-O 14.c3 bxc3 15.Nxc3 Qb6
16.Bxc5 Qxc5+ 17.Kh1 d6 18.b4 Qd4 19.Ne2 Qe5 20.Rfc1 d5 21.exd5 Bxd5 22.Qc3 Nd7
23.a5 g6 24.Rab1 Qg5 25.Nd4 Ne5 26.Bf1 Rfd8 27.Qb2 Qf4 28.Ne2 Qe3 29.Ng1  1/2-1/2

[Event "Hoogovens-C op"]
[Site "Wijk aan Zee"]
[Date "1999.??.??"]
[Round "7"]
[White "De Vilder, Hans"]
[Black "Stellwagen, Daniel R"]
[Result "0-1"]
[WhiteElo "2185"]
[BlackElo "2150"]

1.e4 c5 2.Nf3 e6 3.d4 cxd4 4.Nxd4 Nc6 5.Nc3 Qc7 6.Be3 a6 7.Bd3 b5 8.Nxc6 Qxc6
9.a3 Bb7 10.O-O Nf6 11.Re1 Be7 12.Qf3 d6 13.Rad1 O-O 14.Qh3 Rfe8 15.f4 g6
16.f5 Bd8 17.fxg6 fxg6 18.Rf1 Nd7 19.Rf7 h5 20.Rdf1 Ne5 21.Qg3 Bb6 22.Bxb6 Qxb6+
23.Kh1 Rf8 24.R7f6 Kg7 25.Rxf8 Rxf8 26.Rxf8 Kxf8 27.Qg5 Qf2 28.h3 h4 29.Qd8+ Kg7
30.Qxd6 Qe1+ 31.Kh2 Qg3+ 32.Kg1 Nf3+  0-1

[Event "Zagreb op"]
[Site "Zagreb"]
[Date "1999.??.??"]
[Round "6"]
[White "Vadla, Zeljko"]
[Black "Feletar, Darko"]
[Result "0-1"]
[WhiteElo "2250"]
[BlackElo "2376"]

1.e4 c5 2.Nf3 e6 3.d4 cxd4 4.Nxd4 Nc6 5.Nc3 Qc7 6.f4 d6 7.Be3 a6 8.Qf3 Nf6
9.O-O-O Nd7 10.g4 Nc5 11.g5 Bd7 12.Bg2 Rc8 13.Nxc6 Bxc6 14.Bd4 Na4 15.Nxa4 Bxa4
16.Bc3 b5 17.Rd4 Be7 18.h4 e5 19.Rxa4 bxa4 20.Bh3 Rb8 21.f5 a3 22.f6 gxf6
23.gxf6 axb2+ 24.Kb1 Bf8 25.Rg1 Qc5 26.Qg4 Rd8 27.Bd2 h5 28.Qg3 Rb8 29.Be3 Qc3
30.Qf2 Qc6 31.Qf5 Rb7 32.Rd1 Rc7 33.Rd2 Qc3 34.Re2 Rg8 35.Bg5 Rg6 36.Qf1 Qc4
37.Qd1 Bh6 38.Qxd6 Qc5 39.Qxa6 Qg1+ 40.Kxb2 Qd4+ 41.Kb1 Rxf6 42.Qa8+ Ke7
43.Qa3+ Rc5 44.Rd2 Qg1+ 45.Kb2 Bxg5 46.Qa7+ Kf8 47.Qb8+ Kg7 48.hxg5 Rf2 49.Qd6 Rxd2
50.Qxd2 Rb5+ 51.Kc3 Qc5+ 52.Kd3 Qd4+ 53.Ke2 Qxe4+  0-1

[Event "Hilton Open"]
[Site "Basel SUI"]
[Date "2000.01.04"]
[Round "6"]
[White "Berzinsh,R"]
[Black "Horvath,Jo"]
[Result "1/2-1/2"]
[WhiteElo "2458"]
[BlackElo "2557"]

1.e4 c5 2.Nf3 e6 3.d4 cxd4 4.Nxd4 Nc6 5.Nc3 Qc7 6.Be3 a6 7.Bd3 Nf6 8.O-O Ne5
9.Be2 Bc5 10.Kh1 d6 11.f4 Ng6 12.Qd2 O-O 13.Nb3 Bxe3 14.Qxe3 b5 15.a3 Bb7
16.Bf3 Rac8 17.Nd4 Qc5 18.e5 dxe5 19.fxe5 Nd5 20.Nxd5 Bxd5 21.Bxd5 Qxd5 22.Rae1  1/2-1/2

[Event "Hilton Open"]
[Site "Basel SUI"]
[Date "2000.01.04"]
[Round "6"]
[White "Milosevic,G"]
[Black "Jerosch,G"]
[Result "1-0"]
[WhiteElo "2330"]
[BlackElo "2111"]

1.e4 c5 2.Nc3 Nc6 3.Nf3 e6 4.d4 cxd4 5.Nxd4 a6 6.g3 Nf6 7.Bg2 Qc7 8.O-O d6
9.Re1 Bd7 10.Bg5 Be7 11.Nxc6 Bxc6 12.Nd5 Nxd5 13.exd5 Bxg5 14.dxc6 bxc6 15.Qh5 Be7
16.Rxe6 O-O 17.Re2 Bf6 18.c3 Rab8 19.a4 d5 20.Qf5 Qd6 21.Rd1 Rfe8 22.Rxe8+ Rxe8
23.a5 Rb8 24.Rd2 Qe5 25.Qd3 Qe1+ 26.Bf1 g6 27.Re2 Qa1 28.Qxa6 Rxb2 29.Rxb2 Qxb2
30.Qxc6 Bxc3 31.Qxd5 Bd4 32.Qf3 Qb8 33.Bc4 Qa7 34.a6 Kg7 35.Kg2 h6 36.h4 h5
37.Qf4 Kf8 38.Bxf7 Qxf7 39.Qxd4 Kg8 40.Qc5 Kh7 41.Qc6 Kh6 42.Qb7  1-0

[Event "Premier"]
[Site "Hastings ENG"]
[Date "2000.01.09"]
[Round "6"]
[White "Chandler,M"]
[Black "Bischoff,K"]
[Result "0-1"]
[WhiteElo "2527"]
[BlackElo "2544"]

1.e4 c5 2.Nf3 e6 3.d4 cxd4 4.Nxd4 Nc6 5.Nc3 Qc7 6.Be2 a6 7.O-O Nf6 8.Kh1 Be7
9.f4 d6 10.Be3 O-O 11.a4 Nxd4 12.Qxd4 Bd7 13.e5 Ne8 14.Bg1 Bc6 15.Rad1 Rc8
16.Bd3 g6 17.Qe3 dxe5 18.fxe5 Ng7 19.Rde1 Nf5 20.Qh3 Rfd8 21.Re2 h5 22.Bf2 Bf8
23.Bxf5 exf5 24.Bh4 Re8 25.Bf6 Bg7 26.Bxg7 Kxg7 27.Qg3 h4 28.Qxh4 Rxe5 29.Qd4 f6
30.Rfe1 Rxe2 31.Rxe2 Rh8 32.Qg1 Qd6 33.Re3 Rh4 34.Rd3 Qe5 35.h3 g5 36.Re3 f4
37.Rd3 f3  0-1

[Event "Israeli League"]
[Site "Ramat Aviv ISR"]
[Date "2000.01.14"]
[Round "1"]
[White "Gruenfeld,Y"]
[Black "Katzir,M"]
[Result "1-0"]
[WhiteElo "2523"]
[BlackElo "2192"]

1.e4 c5 2.Nf3 e6 3.d4 cxd4 4.Nxd4 Nc6 5.Nc3 Qc7 6.g3 a6 7.Bg2 Nf6 8.O-O Bc5
9.Nxc6 dxc6 10.Na4 Ba7 11.c4 Nd7 12.Qc2 b5 13.cxb5 axb5 14.Nc3 Ba6 15.Re1 e5
16.Be3 b4 17.Nd5 Qb7 18.Bxa7 cxd5 19.Be3 d4 20.Bd2 O-O 21.Qb3 Nc5 22.Qxb4 Qa7
23.Qa3 Nd3 24.Red1 Qb7 25.Ba5 Rfc8 26.Rd2 Bb5 27.Bh3 Rc6 28.Bf1 Nc5 29.Bg2 Na4
30.b3 Rxa5 31.bxa4 Rxa4 32.Qb3 Raa6 33.Rb1 Rcb6 34.Rdb2 Qc7 35.Qd5 Bc6 36.Qc5 Rxb2
37.Rxb2 h6 38.Bf1 Ra5 39.Bb5 d3 40.Qxc6 Qxc6 41.Bxc6 f5 42.Rd2 Kf8 43.exf5  1-0

[Event "Extraliga CZE"]
[Site "Ostrava CZE"]
[Date "2000.01.16"]
[Round "7"]
[White "Jackova,J"]
[Black "Chloupek,S"]
[Result "1-0"]
[WhiteElo "2233"]
[BlackElo "2344"]

1.e4 c5 2.Nf3 e6 3.Nc3 Nc6 4.d4 cxd4 5.Nxd4 Qc7 6.Be3 a6 7.Bd3 Nf6 8.O-O Ne5
9.h3 b5 10.f4 Nc4 11.Bxc4 Qxc4 12.Qd3 d5 13.e5 Nd7 14.Qxc4 dxc4 15.Kh1 g6
16.Nc6 b4 17.Ne2 Bb7 18.Na5 Bd5 19.f5 Nxe5 20.Nf4 O-O-O 21.fxe6 fxe6 22.Rae1 g5
23.Nh5 Ng6 24.Bxg5 Be7 25.Bxe7 Nxe7 26.Rf7 Nf5 27.Nf4 Rd7 28.Rf6 Rg8 29.Nxd5 Rxd5
30.Nxc4 Rc5 31.b3 Nd4 32.Re4 Nxc2 33.Rexe6 Rd8 34.Rxa6 Kd7 35.Ra7+ Kc8 36.Rff7  1-0

[Event "ch-CRO"]
[Site "Pula CRO"]
[Date "2000.01.16"]
[Round "10"]
[White "Fercec,N"]
[Black "Hulak,K"]
[Result "1/2-1/2"]
[WhiteElo "2476"]
[BlackElo "2493"]

1.e4 c5 2.Nf3 Nc6 3.d4 cxd4 4.Nxd4 e6 5.Nc3 d6 6.Be2 Nf6 7.O-O Be7 8.Be3 O-O
9.Kh1 Bd7 10.Nb3 a6 11.a4 Rc8  1/2-1/2

[Event "Corus"]
[Site "Wijk aan Zee NED"]
[Date "2000.01.16"]
[Round "2"]
[White "Adams,Mi"]
[Black "Polgar,Ju"]
[Result "1/2-1/2"]
[WhiteElo "2715"]
[BlackElo "2658"]

1.e4 c5 2.Nf3 e6 3.d4 cxd4 4.Nxd4 Nc6 5.Nc3 Qc7 6.g3 a6 7.Bg2 Nf6 8.O-O Nxd4
9.Qxd4 Bc5 10.Bf4 d6 11.Qd2 h6 12.Rad1 e5 13.Be3 Be6 14.Bxc5 dxc5 15.f4 O-O
16.Qd6 Qa5 17.Qd2 Rad8 18.Nd5 Qxd2 19.Rxd2 Bxd5 20.exd5 exf4 21.Rxf4 Ne8
22.Rc4 b6 23.Re4 Nd6 24.Re7 Nc4 25.Rf2 Nxb2 26.Ra7 Nc4 27.Rf4 Ne3  1/2-1/2

[Event "V Ubeda Open"]
[Site "Ubeda ESP"]
[Date "2000.01.21"]
[Round "3"]
[White "Minasian,Ara"]
[Black "Zvjaginsev,V"]
[Result "0-1"]
[WhiteElo "2485"]
[BlackElo "2641"]

1.e4 c5 2.Nf3 e6 3.d4 cxd4 4.Nxd4 Nc6 5.Nc3 d6 6.Be2 Nf6 7.O-O Be7 8.Be3 O-O
9.Kh1 a6 10.a4 Bd7 11.f4 Rc8 12.Nb3 Na5 13.e5 Ne8 14.exd6 Nxd6 15.Nxa5 Qxa5
16.f5 Bc6 17.fxe6 fxe6 18.Bg4 Nf5 19.Qe2 Qe5 20.Bb6 Bd6 21.Qxe5 Bxe5 22.a5 Rf6
23.Rae1 Bxc3 24.bxc3 Rcf8 25.Kg1 h6 26.Bxf5 exf5 27.Re7 f4 28.Rf2 Rg6 29.Bc7 f3
30.g3 Rgf6 31.Be5 R6f7 32.Rxf7 Kxf7 33.Rd2 Re8 34.Bd4 Re1+ 35.Kf2 Ra1 36.Bb6 g5
37.h4 Rh1 38.hxg5 hxg5 39.Ke3 Ke6 40.Rf2 Kf5 41.Rd2 Kg4 42.Bc7 Kh3 43.c4 Rg1
44.Bd6 Rg2 45.Rf2 g4  0-1

[Event "Corus Reserve Group"]
[Site "Wijk aan Zee NED"]
[Date "2000.01.22"]
[Round "2"]
[White "Stellwagen,D"]
[Black "Krnic,Z"]
[Result "1/2-1/2"]
[WhiteElo "2265"]
[BlackElo "2401"]

1.e4 c5 2.Nf3 Nc6 3.d4 cxd4 4.Nxd4 e6 5.Nc3 a6 6.g3 Nxd4 7.Qxd4 Ne7 8.a4 Nc6
9.Qd1 Be7 10.Bg2 O-O 11.O-O Qc7 12.f4 f6 13.Kh1 Rb8 14.Qe2 Na5 15.f5 b6 16.Bf4 Bd6
17.Bxd6 Qxd6 18.fxe6 dxe6 19.e5 Qxe5 20.Qxe5 fxe5 21.Rxf8+ Kxf8 22.Re1 Bd7
23.Bf1 b5 24.axb5 axb5 25.Rxe5 Nc4 26.Rc5 Nd6 27.Bd3 b4 28.Ne2 h6 29.Nd4 Rb6
30.Kg1 Ke7 31.Nf3 Nb7 32.Re5 Kd6 33.Re1 Nc5 34.Ne5 Rb8 35.Bc4 Rf8 36.Nd3 Nxd3
37.Bxd3 Bc6 38.Rf1 Rd8 39.Rf4 Rb8 40.Rf7 b3 41.c3 Ra8 42.Rf1 Kc5 43.Kf2 Rd8
44.Rd1 Rf8+ 45.Ke3 Rf3+ 46.Ke2 e5 47.Ra1 e4 48.Ra5+ Kd6 49.Bc4 e3 50.Bxb3 Rf2+
51.Kxe3 Rxb2 52.Bd1 Rxh2 53.Bf3 Bxf3 54.Kxf3 Rc2 55.Ra6+ Kd5 56.Ra5+  1/2-1/2

[Event "Corus B"]
[Site "Wijk aan Zee NED"]
[Date "2000.01.23"]
[Round "5"]
[White "Nijboer,F"]
[Black "Hendriks,W"]
[Result "0-1"]
[WhiteElo "2540"]
[BlackElo "2373"]

1.e4 c5 2.Nf3 Nc6 3.d4 cxd4 4.Nxd4 e6 5.Nc3 Qc7 6.Be2 a6 7.O-O Nf6 8.Kh1 Nxd4
9.Qxd4 Bc5 10.Qd3 b5 11.f4 Bb7 12.Bf3 O-O 13.e5 Ne8 14.Bxb7 Qxb7 15.Ne4 Be7
16.Be3 Qc6 17.Bd4 f5 18.exf6 Nxf6 19.Ng5 Qc4 20.Qd2 Nd5 21.b3 Qc6 22.Ne4 Rf7
23.Rf3 Raf8 24.Raf1 d6 25.c3 h6 26.h3 Bd8 27.Bg1 Bc7 28.Bh2 Ne7 29.Ng3 e5
30.Qe2 exf4 31.Nh5 d5 32.Bxf4 Bxf4 33.Nxf4 Nf5 34.Qd2 Qd6 35.R1f2 Nh4 36.Nxd5 Nxf3
37.gxf3 Rxf3 38.Rxf3 Rxf3 39.Ne7+ Qxe7 40.Qd5+ Qf7  0-1

[Event "Corus Reserve Group"]
[Site "Wijk aan Zee NED"]
[Date "2000.01.27"]
[Round "7"]
[White "Romero Holmes,A"]
[Black "Krnic,Z"]
[Result "1-0"]
[WhiteElo "2483"]
[BlackElo "2401"]

1.e4 c5 2.Nf3 Nc6 3.d4 cxd4 4.Nxd4 e6 5.Nc3 a6 6.Nxc6 bxc6 7.e5 Qc7 8.Bf4 f5
9.Bd3 Rb8 10.Qe2 Rxb2 11.O-O Ne7 12.Bg3 a5 13.Nd1 Rb4 14.c3 Rg4 15.Ne3 h5
16.Nc4 Rxc4 17.Bxc4 g5 18.h4 f4 19.Bh2 Bg7 20.Rfe1 Ng6 21.hxg5 Qxe5 22.Qxe5 Nxe5
23.Be2 Ng6 24.Rac1 Kf7 25.Red1 Be5 26.Rd3 Bc7 27.c4 c5 28.Rb1 h4 29.Rb5 d6
30.Rb2 Ke7 31.Rh3 e5 32.Rhb3 Nf8 33.Bd3 Rg8 34.Rb7 Kd8 35.Ra7 Rxg5 36.Be4 Ne6
37.Ra8 Kd7 38.Kf1 Nd4 39.Ra7 Nc6 40.Ra8 Nd4 41.Bg1 Nf5 42.Bd5 Ne7 43.Be4 Nf5
44.Bc2 d5 45.cxd5 f3 46.gxf3 Nd6 47.Bh2 Nc4 48.Rb5 Nb6 49.Ra7 Kd8 50.Rxc5 Bd6
51.Rc6 Bh3+ 52.Ke2 Nc8 53.Rh7 Bd7 54.Rh8+ Ke7 55.Rcxc8 Bxc8 56.Rxc8 Rg2 57.Kf1 Rxh2
58.Kg1 e4 59.fxe4 Rh3 60.Rc6 Bf4 61.e5 Ra3 62.Bf5 Rxa2 63.d6+ Kf7 64.Rc7+ Kf8
65.Rc8+ Kg7 66.d7 Bg5 67.f4 Be7 68.d8=Q Bxd8 69.Rxd8 Ra4 70.e6 Kf6 71.Rf8+  1-0

[Event "Corus B"]
[Site "Wijk aan Zee NED"]
[Date "2000.01.28"]
[Round "9"]
[White "Nisipeanu,LD"]
[Black "Hendriks,W"]
[Result "1-0"]
[WhiteElo "2611"]
[BlackElo "2373"]

1.e4 c5 2.Nf3 Nc6 3.d4 cxd4 4.Nxd4 e6 5.Nc3 Qc7 6.Be2 a6 7.O-O Nf6 8.Be3 Bb4
9.Na4 b5 10.Nxc6 dxc6 11.Bc5 bxa4 12.Bxb4 c5 13.Ba3 O-O 14.f3 Nh5 15.Qd2 Nf4
16.Rfd1 e5 17.Bf1 Qe7 18.Qf2 Qg5 19.Kh1 Be6 20.Bxc5 Rfc8 21.b4 h5 22.h4 Qf6
23.g3 Ng6 24.Kh2 a3 25.Rd6 Rd8 26.Rad1 Rxd6 27.Rxd6 Rd8 28.Rxa6 Rd1 29.Bg2 Qd8
30.Rxa3 Bc4 31.Rc3 Bb5 32.Be3 Qa8 33.Rc5 Qa6 34.a4 Qxa4 35.c4 Bd7 36.Rd5 Ra1
37.Ra5  1-0

[Event "NED-chT"]
[Site "Amsterdam NED"]
[Date "2000.02.05"]
[Round "1"]
[White "Peelen,P"]
[Black "Hoffmann,M"]
[Result "0-1"]
[WhiteElo "2374"]
[BlackElo "2452"]

1.e4 c5 2.Nf3 Nc6 3.Nc3 e6 4.d4 cxd4 5.Nxd4 Qc7 6.g3 a6 7.Bg2 Nf6 8.O-O Bc5
9.Nb3 Ba7 10.Bg5 Ne5 11.Qe2 d6 12.Rad1 Bd7 13.Kh1 Nc4 14.Bc1 Rc8 15.Nd2 Bd4
16.Nxc4 Qxc4 17.Qxc4 Rxc4 18.Ne2 Bc5 19.c3 Bb5 20.b4 Ba7 21.f3 Rxe4 22.fxe4 Bxe2
23.e5 Ng4 24.Rxd6 Bxf1 25.Bxf1 Ke7 26.b5 Bc5 27.bxa6 Nxe5 28.Rd1 bxa6 29.Bxa6 Ra8
30.Bb5 Rxa2 31.Bg5+ f6 32.Bf4 Bd6 33.Bxe5 Bxe5 34.Rd7+ Kf8 35.Rd8+ Kf7 36.Rd7+ Kg6
37.Bc4  0-1

[Event "FSGM February"]
[Site "Budapest HUN"]
[Date "2000.02.07"]
[Round "3"]
[White "Zhang Pengxiang"]
[Black "Fogarasi,T"]
[Result "0-1"]
[WhiteElo "2562"]
[BlackElo "2429"]

1.e4 c5 2.Nf3 e6 3.d4 cxd4 4.Nxd4 Nc6 5.Nc3 Qc7 6.Be3 a6 7.Bd3 Nf6 8.O-O Ne5
9.Nf3 Nfg4 10.Nxe5 Nxe5 11.f4 Nc4 12.Bxc4 Qxc4 13.f5 Bc5 14.Qd2 b5 15.b3 Bxe3+
16.Qxe3 Qc7 17.Qd4 Qa7 18.Rfd1 Ke7 19.e5 Bb7 20.f6+ gxf6 21.exf6+ Kd8 22.Qxa7 Rxa7
23.Rd3 Rg8 24.Rg3 Rxg3 25.hxg3 Ra8 26.Ne2 Rc8 27.c3 Rc5 28.Rf1 Re5 29.Rf2 Re3
30.Kh2 Rd3 31.a4 bxa4 32.bxa4 Rd2 33.Kg1 Ra2 34.c4 Rxa4 35.Rf4 Ra2 36.Kf2 Ra5
37.Ke3 Bxg2 38.Rh4 Re5+  0-1

[Event "Goodricke Open"]
[Site "Calcutta IND"]
[Date "2000.02.07"]
[Round "2"]
[White "Aarthie,R"]
[Black "Shetty,R"]
[Result "1-0"]
[WhiteElo "2219"]
[BlackElo "2307"]

1.e4 c5 2.Nf3 e6 3.d4 cxd4 4.Nxd4 Nc6 5.Nc3 Qc7 6.Be2 a6 7.O-O Nf6 8.Kh1 Be7
9.f4 d6 10.Be3 O-O 11.Qe1 Nxd4 12.Bxd4 b5 13.a3 Bb7 14.Qg3 Bc6 15.Rad1 Qb7
16.Bf3 Rac8 17.Rfe1 Rfd8 18.e5 dxe5 19.fxe5 Ne8 20.Ne4 g6 21.Qf4 Qc7 22.Qe3 Rd7
23.c3 Qb8 24.Rf1 Ng7 25.Nf6+ Bxf6 26.Bxc6 Bg5 27.Qf3 Rdc7 28.Be4 Rf8 29.Qf2 Be7
30.Rd3 Rd7 31.Rh3 Nf5 32.Qd2 f6 33.Bxf5 exf5 34.e6 Rb7 35.Qh6 Bd8 36.Re1 Rg7
37.Bc5 Be7 38.Qe3 Qc8 39.Bd4 Re8 40.Qe2 Bd8 41.Re3 f4 42.Re4 g5 43.Qg4 Be7
44.a4 Qc6 45.axb5 axb5 46.Qe2 Rg6 47.b3 Rc8 48.Ra1 Rh6 49.Bg1 Qxc3 50.Ra7 Qg3
51.Qd1 Bd6 52.e7 Be5 53.Qd8+  1-0

[Event "Petroff Mem Open"]
[Site "St Petersburg RUS"]
[Date "2000.02.07"]
[Round "1"]
[White "Rogovoi,M"]
[Black "Tunik,G"]
[Result "0-1"]
[WhiteElo "2237"]
[BlackElo "2442"]

1.e4 c5 2.Nf3 e6 3.d4 cxd4 4.Nxd4 Nc6 5.Nc3 Qc7 6.Be2 a6 7.O-O Nf6 8.Kh1 Nxd4
9.Qxd4 Bc5 10.Qd3 b5 11.f4 Bb7 12.Bf3 h5 13.e5 Ng4 14.Bxb7 Qxb7 15.Ne4 Be7
16.a4 b4 17.c4 Nh6 18.Be3 Qc6 19.b3 Nf5 20.Rad1 a5 21.Bf2 Rd8 22.c5 f6 23.h3 fxe5
24.fxe5 h4 25.Kh2 O-O 26.Qe2 Nh6 27.Rd4 Qc7 28.Nd6 Nf5 29.Rg4 Qc6 30.Nxf5 exf5
31.Rc4 f4 32.Qg4 f3 33.Bxh4 Bxh4 34.Qxh4 fxg2 35.Rxf8+ Rxf8 36.Rg4 Qxc5 37.Qg5 g1=Q+
38.Rxg1 Rf2+ 39.Rg2 Rxg2+ 40.Kxg2 Qc2+ 41.Kg1 Kf7 42.Qf4+ Ke6 43.Qg4+ Qf5
44.Qxg7 Qxh3 45.Qf6+ Kd5 46.Qb6 Qxb3 47.Qxa5+ Ke4 48.Qa8+ Qd5 49.Qa6 b3 50.Qe2+ Kd4
51.a5 Qe4 52.Qb5 Qb1+ 53.Kg2 Qc2+ 54.Kg1 b2 55.Qxd7+ Kc3 56.Qc6+ Kb3 57.Qd5+ Ka3
58.Qd6+ Kb3 59.Qd5+ Qc4 60.Qf3+ Ka2  0-1

[Event "Petroff Mem Open"]
[Site "St Petersburg RUS"]
[Date "2000.02.07"]
[Round "1"]
[White "Lyubimtsev,A"]
[Black "Yagupov,I"]
[Result "0-1"]
[WhiteElo "2256"]
[BlackElo "2482"]

1.e4 c5 2.Nf3 e6 3.Nc3 Nc6 4.d4 cxd4 5.Nxd4 Nf6 6.Be3 Bb4 7.f3 d5 8.Qd2 e5
9.Nxc6 bxc6 10.exd5 Nxd5 11.Qd3 Nxc3 12.bxc3 Qxd3 13.Bxd3 Bxc3+ 14.Kf2 Bxa1
15.Rxa1 O-O 16.Be4 Bd7 17.Rd1 f5 18.Bc5 Rf7 19.Bd3 Be6 20.a4 e4 21.Be2 Rd7
22.Rb1 Rd2 23.c3 Bc4 24.Re1 exf3 25.Kxf3 Rxe2 26.Rxe2 Bxe2+ 27.Kxe2  0-1

[Event "Goodricke Open"]
[Site "Calcutta IND"]
[Date "2000.02.08"]
[Round "3"]
[White "Iordachescu,V"]
[Black "Sandipan,C"]
[Result "0-1"]
[WhiteElo "2560"]
[BlackElo "2424"]

1.e4 c5 2.Nf3 e6 3.d4 cxd4 4.Nxd4 Nc6 5.Nc3 Qc7 6.Be2 a6 7.O-O Nf6 8.Kh1 d6
9.f4 Be7 10.Be3 O-O 11.a4 Bd7 12.Nb3 b6 13.g4 Bc8 14.g5 Nd7 15.Bf3 Re8 16.Bg2 Rb8
17.Qe2 Bf8 18.Rf3 g6 19.h4 Nb4 20.h5 Nc5 21.Raf1 d5 22.hxg6 fxg6 23.Bxc5 bxc5
24.exd5 Bd7 25.Re3 exd5 26.Nxd5 Nxd5 27.Bxd5+ Kh8 28.Rxe8 Rxe8 29.Qxa6 Bf5
30.Qc4 Re3 31.a5 Qc8 32.a6 Bd3 33.Be6 Qc6+ 34.Bd5 Qc8 35.Be6 Qa8+ 36.Bd5 Bxc4
37.Bxa8 Bxf1 38.a7 Re7 39.Bb7 Ba6 40.Bxa6 Rxa7 41.Bc4 Bd6 42.Kg2 Bxf4 43.Nxc5 Rc7
44.b4 Be3  0-1

[Event "Petroff Mem Open"]
[Site "St Petersburg RUS"]
[Date "2000.02.08"]
[Round "2"]
[White "Takhirov,V"]
[Black "Pridorozhni,A"]
[Result "0-1"]
[WhiteElo "2176"]
[BlackElo "2348"]

1.e4 c5 2.Nf3 e6 3.d4 cxd4 4.Nxd4 Nc6 5.Nc3 a6 6.Be2 Qc7 7.Be3 Nf6 8.f3 b5
9.Qd2 Bb7 10.g4 h6 11.h4 b4 12.Na4 d5 13.O-O-O dxe4 14.g5 hxg5 15.hxg5 Rxh1
16.Rxh1 Nxd4 17.Bxd4 exf3 18.Bd1 f2 19.Rf1 Ne4 20.Qe3 Bd6 21.Rxf2 Nxf2 22.Qxf2 Rd8
23.Be3 Bg3 24.Qg1 Bf4 25.b3 Qe5  0-1